|
|
|
|
| LEADER |
00911nam a2200229 a 4500 |
| 001 |
4036775 |
| 008 |
090630r19691997nyua b 001 0 eng d |
| 010 |
|
|
|a \\\98060190
|
| 020 |
|
|
|a 0500200874
|
| 040 |
|
|
|a NBelS
|c NBelS
|d FMFIU
|d TxLT
|d DLC
|
| 082 |
0 |
0 |
|a 720/.9
|2 21
|
| 245 |
1 |
0 |
|a Western architecture :
|b a concise history.
|
| 260 |
|
|
|a New York ;
|a Singapore:
|b Thames and Hudson,
|c 1999.
|
| 300 |
|
|
|a 292 p. :
|b ill. ;
|c 21 cm.
|
| 490 |
|
|
|a World of art
|
| 504 |
|
|
|a Includes bibliographical references and index.
|
| 541 |
1 |
|
|e 00012915
|
| 650 |
0 |
|
|a Architecture, Western
|x History.
|
| 710 |
1 |
|
|a Thames and Hudson
|
| 852 |
4 |
|
|a Ayesha Abed Library
|j General Shelf.
|
| 999 |
|
|
|c 2079
|d 2079
|
| 952 |
|
|
|0 0
|1 4
|2 ddc
|4 0
|6 720_900000000000000_WES
|7 0
|9 1911
|a BRACUL
|b BRACUL
|c GEN
|d 2009-07-07
|g 0.00
|l 0
|o 720.9 WES
|p 3010012915
|r 2009-07-07
|t 1
|w 2009-07-07
|y BK
|x No price found in the accession register.
|